Top 10 Formula One Drivers Starting With 'M' - Statistics

General Stats
  • This quiz has been taken 65 times
  • The average score is 7 of 10
Answer Stats
Lp. Nationality Career Driver % Correct
3 Brazilian 2002-2017 Felipe Massa
96%
6 German 1973-1982 Jochen Mass
95%
1 British 1980-1995 Nigel Mansell
93%
4 Colombian 2001-2006 Juan Pablo Montoya
91%
8 Venezuelan 2011-2015 Pastor Maldonado
89%
2 British 1951-1961 Stirling Moss
78%
5 New Zealander 1958-1970 Bruce McLaren
67%
7 Italian 1953-1958 Luigi Musso
38%
10 Italian 1987-1992 Stefano Modena
16%
9 South African 1961-1965 Tony Maggs
16%
No matching quizzes found
Score Distribution
Percent of People with Each Score
Percentile by Number Answered
Your Score History
You have not taken this quiz